000 00661nam a2200241Ia 4500
003 BUBTL
008 151213s9999 xx 000 0 und d
020 _a978-81-317-6442-8
041 _aeng
082 _a 338.9/ T565e/ 2012
100 _aTodaro, Michael P.
_95487
245 _aEconomic Development /
_cMichael P. Todaro, Stephen C. Smith
250 _a10th ed.
260 _aNew Delhi:
_bPearson,
_cc2012
300 _axxvii, 861 p.:
_c23 cm.
500 _aIncludes Index
650 _aEconomics
650 _aEconomics
700 _aSmith, Stephen C.
_95488
856 _k0
_l0
_yDownload
942 _2ddc
_cBK
999 _c4981
_d4981